[Event "Challenge"]
[Site "http://www.queenalice.com/game.php?id=1121167"]
[Date "2012.11.11"]
[Round "-"]
[White "NathanWhipple"]
[Black "APSHOOTER"]
[Result "1-0"]
[WhiteElo "1690"]
[BlackElo "1583"]

1. e4 d5 2. exd5 Qxd5 3. Nc3 Qe5+ 4. Qe2 Nc6 5. Nf3 Qxe2+ 6. Bxe2 Bf5 7. d3 a6
8. Bf4 O-O-O 9. O-O e6 10. Nh4 Nge7 11. Nxf5 Nxf5 12. Bd2 h5 13. Rae1 Bd6 14.
Ne4 Ncd4 15. Bd1 f6 16. Nxd6+ Rxd6 17. Re4 e5 18. Bb4 Rd5 19. c4 Rd7 20. Ba4 Rf7
21. Bc3 Rd8 22. Rfe1 g5 23. b4 h4 24. Bd1 Nc6 25. Bg4 Rxd3 26. Bxf5+ Kb8 27.
R4e3 Rxe3 28. Rxe3 Rf8 29. Rd3 Ne7 30. Bh3 f5 31. g3 e4 32. Rd7 g4 33. Bxg4 fxg4
34. Rxe7 hxg3 35. hxg3 Rf3 36. Be5 e3 37. fxe3 Ka7 38. Bf4 c6 39. Rg7 Rxf4 40.
gxf4 Kb6 41. f5 a5 42. f6 axb4 43. f7 b3 44. axb3 1-0

[Event "Challenge"]
[Site "http://www.queenalice.com/game.php?id=1121168"]
[Date "2012.11.11"]
[Round "-"]
[White "eddval"]
[Black "NathanWhipple"]
[Result "1-0"]
[WhiteElo "2150"]
[BlackElo "1702"]

1. e4 c5 2. Nf3 Nc6 3. d4 cxd4 4. Nxd4 Nf6 5. Nc3 g6 6. Be2 d6 7. O-O Bg7 8. Be3
O-O 9. Qd2 Bd7 10. f4 Ng4 11. Bxg4 Bxg4 12. f5 gxf5 13. exf5 Bh5 14. h3 f6 15.
Ne6 Qd7 16. Nxf8 Kxf8 17. Qf2 Rc8 18. Qh4 Qe8 19. g4 Bf7 20. Qxh7 Bg8 21. Qh4
Qf7 22. Qg3 a6 23. Rf2 Ne5 24. Re1 b5 25. a3 Nc4 26. Bc1 Qe8 27. Rfe2 Rc7 28. h4
Qc6 29. h5 Qb6+ 30. Kh2 Ne5 31. h6 Bh8 32. Qg2 Bc4 33. Qa8+ Kf7 34. Qxh8 1-0

[Event "Challenge"]
[Site "http://www.queenalice.com/game.php?id=1121170"]
[Date "2012.11.11"]
[Round "-"]
[White "NathanWhipple"]
[Black "Rutty"]
[Result "1-0"]
[WhiteElo "1556"]
[BlackElo "2099"]

1. e4 e5 2. Nf3 Nc6 3. Bc4 Bc5 4. c3 Nf6 5. d4 exd4 6. cxd4 Bb4+ 7. Nc3 Nxe4 8.
O-O Bxc3 9. d5 Ne7 10. bxc3 O-O 11. Qd4 Nf6 12. Bg5 Nf5 13. Qf4 h6 14. Qxf5 d6
15. Bxf6 Bxf5 16. Bxd8 Raxd8 17. Rfe1 c5 18. Re7 Rb8 19. Rae1 b5 20. Bf1 a5 21.
Nh4 Bg6 22. Nxg6 fxg6 23. Rd7 Rfd8 24. Ree7 Rxd7 25. Rxd7 Rb6 26. Bd3 Kh7 27. f4
h5 28. f5 gxf5 29. Bxf5+ Kh6 30. h4 b4 31. c4 a4 32. Re7 g5 33. Re6+ 1-0

[Event "Challenge"]
[Site "http://www.queenalice.com/game.php?id=1121174"]
[Date "2012.11.11"]
[Round "-"]
[White "uschmidi"]
[Black "NathanWhipple"]
[Result "1-0"]
[WhiteElo "1981"]
[BlackElo "1743"]

1. d4 Nf6 2. c4 g6 3. b4 d6 4. Bb2 Bg7 5. Nf3 O-O 6. Nc3 Bg4 7. e3 e5 8. Be2
exd4 9. Nxd4 Bxe2 10. Qxe2 Re8 11. Qf3 Nbd7 12. a3 Ne5 13. Qe2 Qd7 14. O-O Re7
15. h3 Rae8 16. b5 d5 17. cxd5 Nxd5 18. f4 Nc4 19. Qxc4 Nxe3 20. Qb4 Bxd4 21.
Qb3 Nxf1+ 22. Kxf1 Bxc3 23. Qxc3 Qxb5+ 24. Kg1 Qb6+ 25. Kh2 f6 26. Qxf6 Qxf6 27.
Bxf6 Re1 28. Rxe1 Rxe1 29. Bd4 a6 30. Be5 c5 31. Bd6 c4 32. Bb4 Re3 33. g4 c3
34. a4 c2 35. Bd2 1-0

[Event "Challenge"]
[Site "http://www.queenalice.com/game.php?id=1121187"]
[Date "2012.11.12"]
[Round "-"]
[White "NathanWhipple"]
[Black "holandes"]
[Result "1-0"]
[WhiteElo "1572"]
[BlackElo "1838"]

1. e4 e5 2. Nf3 d6 3. Bc4 Nc6 4. O-O Be7 5. d4 Bg4 6. d5 Nd4 7. Nbd2 Bg5 8. Be2
Nxe2+ 9. Qxe2 Nh6 10. Qb5+ Qd7 11. Qxd7+ Bxd7 12. Nxg5 c6 13. Nc4 Ke7 14. dxc6
bxc6 15. Rd1 d5 16. exd5 cxd5 17. Rxd5 Bc6 18. Rxe5+ Kd7 19. Rc5 f6 20. Nh3 Nf7
21. Bf4 g5 22. Rd1+ Ke8 23. Rxc6 gxf4 24. Rxf6 Rf8 25. Re6# 1-0

[Event "Challenge"]
[Site "http://www.queenalice.com/game.php?id=1121188"]
[Date "2012.11.12"]
[Round "-"]
[White "Football_rules"]
[Black "NathanWhipple"]
[Result "0-1"]
[WhiteElo "1771"]
[BlackElo "1728"]

1. e4 c5 2. Bc4 Nc6 3. Qf3 e6 4. Nh3 g6 5. d3 Bg7 6. Ng5 f6 7. Nh3 Ne5 8. Qe2
Nxc4 9. dxc4 Ne7 10. Be3 b6 11. Nf4 Bb7 12. Nc3 O-O 13. a3 Nc6 14. O-O-O Qc7 15.
h4 Ne7 16. g4 Nc6 17. Rdg1 Ne5 18. h5 g5 19. h6 Bh8 20. Nh5 Rad8 21. Kb1 d5 22.
cxd5 exd5 23. exd5 Bxd5 24. Nxd5 Rxd5 25. f4 Nf7 26. fxg5 Nxg5 27. Qc4 Qf7 28.
Rf1 Rd1+ 29. Rxd1 Qxc4 30. Rhg1 b5 31. Nf4 Re8 32. Bf2 Qxf4 33. Bxc5 Qe5 34.
Bxa7 f5 35. c3 Qe4+ 36. Ka1 fxg4 37. Bc5 Nf3 38. Rg3 Qf4 39. Bd6 Qf5 40. Rf1
Re1+ 41. Rxe1 Nxe1 42. Ka2 Qd5+ 43. c4 Qxc4+ 44. Kb1 Qc2+ 45. Ka1 Qxb2# 0-1

[Event "Challenge"]
[Site "http://www.queenalice.com/game.php?id=1124938"]
[Date "2012.11.22"]
[Round "-"]
[White "davidbarroso"]
[Black "NathanWhipple"]
[Result "1-0"]
[WhiteElo "2156"]
[BlackElo "1730"]

1. e4 c5 2. Nf3 Nc6 3. d4 cxd4 4. Nxd4 Nf6 5. Nc3 g6 6. f4 d6 7. Be2 Bg7 8. O-O
O-O 9. Be3 Bd7 10. Bf3 Rc8 11. Qe1 a6 12. Rd1 b5 13. g4 b4 14. Nd5 Nxg4 15. Nxc6
Rxc6 16. Nxb4 Rc8 17. Nxa6 Nxe3 18. Qxe3 Bb5 19. Be2 Bxa6 20. Bxa6 Rxc2 21. Rf2
Rxb2 22. Rxb2 Bxb2 23. Rb1 Bg7 24. Rb7 Qa5 25. Bc4 Qh5 26. Rxe7 Qd1+ 27. Kg2 Bd4
28. Qb3 Qg4+ 29. Qg3 Qd1 30. e5 Qc2+ 31. Kh3 Qxc4 32. e6 Qxa2 33. Qh4 Qb3+ 34.
Kg2 Qc2+ 35. Kf3 Qd3+ 36. Kg2 Qe2+ 37. Kh3 Bf2 38. exf7+ Rxf7 39. Rxe2 Bxh4 40.
Kxh4 Rxf4+ 41. Kg3 Rf6 42. Kg4 Kf7 43. Kg5 Rf5+ 44. Kg4 d5 45. Rb2 Kf6 46. Rb6+
Kg7 47. Rb7+ Rf7 48. Rb5 Rd7 49. Rb3 1-0

[Event "Challenge"]
[Site "http://www.queenalice.com/game.php?id=1129627"]
[Date "2012.12.9"]
[Round "-"]
[White "JungJoe"]
[Black "NathanWhipple"]
[Result "1-0"]
[WhiteElo "1968"]
[BlackElo "1715"]

1. c4 e5 2. Nc3 Nf6 3. g3 d5 4. cxd5 Nxd5 5. Bg2 Nb6 6. Nf3 Nc6 7. O-O Be7 8.
Rb1 Be6 9. a3 a5 10. d3 O-O 11. e3 a4 12. Bd2 Bb3 13. Qe2 Bc2 14. Ne1 Bxb1 15.
Nxb1 Na5 16. Bxa5 Rxa5 17. Bxb7 Qd7 18. Bg2 Rd8 19. Nc3 1-0

[Event "Challenge"]
[Site "http://www.queenalice.com/game.php?id=1129711"]
[Date "2012.12.9"]
[Round "-"]
[White "NathanWhipple"]
[Black "MikeDoherty"]
[Result "1-0"]
[WhiteElo "1700"]
[BlackElo "2089"]

1. e4 c5 2. Nf3 Nc6 3. d4 cxd4 4. Nxd4 e5 5. Nb5 d6 6. Bg5 f6 7. Be3 Be6 8. N1c3
a6 9. Na3 b5 10. Nd5 Rb8 11. Be2 g6 12. O-O Bg7 13. Qd2 h5 14. c4 b4 15. Nc2 a5
16. c5 Nh6 17. cxd6 Nf7 18. Nc7+ 1-0

[Event "Challenge"]
[Site "http://www.queenalice.com/game.php?id=1131283"]
[Date "2012.12.14"]
[Round "-"]
[White "lolo"]
[Black "NathanWhipple"]
[Result "0-1"]
[WhiteElo "1824"]
[BlackElo "1668"]

1. e4 c5 2. Nf3 Nc6 3. Nc3 g6 4. d4 cxd4 5. Nxd4 Bg7 6. Nxc6 bxc6 7. Bc4 d6 8.
Be3 Nf6 9. Bb3 O-O 10. O-O Be6 11. Qe2 Qc7 12. Rad1 c5 13. Bxe6 fxe6 14. Qc4 Qc8
0-1

[Event "Challenge"]
[Site "http://www.queenalice.com/game.php?id=1139186"]
[Date "2013.1.10"]
[Round "-"]
[White "NathanWhipple"]
[Black "pomar"]
[Result "0-1"]
[WhiteElo "1746"]
[BlackElo "2080"]

1. e4 e6 2. d3 c5 3. Nd2 Nc6 4. g3 d5 5. Bg2 Nf6 6. Ngf3 dxe4 7. dxe4 Be7 8. O-O
h5 9. e5 Nd7 10. Re1 Qc7 0-1

[Event "Challenge"]
[Site "http://www.queenalice.com/game.php?id=1139187"]
[Date "2013.1.10"]
[Round "-"]
[White "NathanWhipple"]
[Black "schalturtjik"]
[Result "0-1"]
[WhiteElo "1737"]
[BlackElo "1956"]

1. e4 d6 2. d3 Nf6 3. Nd2 g6 4. g3 Bg7 5. Bg2 c5 6. Ngf3 Nc6 7. O-O O-O 8. Re1
Qc7 9. Nf1 Bg4 10. h3 Bd7 11. c3 Qc8 12. Kh2 e5 0-1

[Event "Challenge"]
[Site "http://www.queenalice.com/game.php?id=1139453"]
[Date "2013.1.11"]
[Round "-"]
[White "NathanWhipple"]
[Black "eddval"]
[Result "0-1"]
[WhiteElo "1717"]
[BlackElo "2124"]

1. e4 e5 2. Nf3 Nc6 3. Bc4 Bc5 4. c3 Qe7 5. O-O d6 6. Re1 Nf6 7. d4 Bb6 8. dxe5
dxe5 9. Bg5 h6 10. Bh4 Bg4 11. Nbd2 O-O-O 12. Qc2 g5 13. Bg3 h5 14. h3 h4 15.
Bh2 Bxf3 16. Nxf3 g4 17. hxg4 Nxg4 18. Re2 h3 19. Rd1 Rxd1+ 20. Qxd1 Nxh2 21.
Nxh2 hxg2 22. Kxg2 Qh4 23. Qh1 Qh3+ 0-1

[Event "Challenge"]
[Site "http://www.queenalice.com/game.php?id=1153663"]
[Date "2013.2.20"]
[Round "-"]
[White "NathanWhipple"]
[Black "bonow"]
[Result "0-1"]
[WhiteElo "1709"]
[BlackElo "2217"]

1. e4 c5 2. Nf3 Nc6 3. d4 cxd4 4. Nxd4 Nf6 5. Nc3 e5 6. Ndb5 a6 7. Nd6+ Bxd6 8.
Qxd6 Qe7 9. Qc7 d5 10. Qxe7+ Nxe7 11. exd5 Nexd5 0-1